Welcome to CU Library Online Public Access Catalogue (OPAC)

University physics / (Record no. 1543)

MARC details
000 -LEADER
fixed length control field 00576cam a2200193 a 4500
001 - CONTROL NUMBER
control field 3562322
005 - DATE AND TIME OF LATEST TRANSACTION
control field 20241125191324.0
008 - FIXED-LENGTH DATA ELEMENTS--GENERAL INFORMATION
fixed length control field 980813s2000 caua b 001 0 eng
020 ## - INTERNATIONAL STANDARD BOOK NUMBER
International Standard Book Number 0534246559 (v. 1)
020 ## - INTERNATIONAL STANDARD BOOK NUMBER
International Standard Book Number 9780534246556
050 00 - LIBRARY OF CONGRESS CALL NUMBER
Classification number QC21.2
Item number .R435 2000
082 00 - DEWEY DECIMAL CLASSIFICATION NUMBER
Classification number 530
Edition information 21
100 1# - MAIN ENTRY--PERSONAL NAME
Personal name Reese, Ronald Lane,
Dates associated with a name 1942-
245 10 - TITLE STATEMENT
Title University physics /
Statement of responsibility, etc. Ronald Lane Reese.
260 ## - PUBLICATION, DISTRIBUTION, ETC.
Place of publication, distribution, etc. Pacific Grove, CA :
Name of publisher, distributor, etc. Brooks/Cole Pub. Co.,
Date of publication, distribution, etc. c2000.
300 ## - PHYSICAL DESCRIPTION
Extent 2 v. (xxxii, 1267, 24, 30, 3 p.) :
Other physical details ill. (some col.) ;
Dimensions 29 cm.
650 #0 - SUBJECT ADDED ENTRY--TOPICAL TERM
Topical term or geographic name entry element Physics.
942 ## - ADDED ENTRY ELEMENTS (KOHA)
Source of classification or shelving scheme Library of Congress Classification
Koha item type Books
Suppress in OPAC No
999 ## -
-- 1543
-- 1543
Holdings
Withdrawn status Lost status Source of classification or shelving scheme Damaged status Not for loan Collection Home library Current library Shelving location Date acquired Total checkouts Full call number Barcode Date last seen Copy number Price effective from Koha item type
    Library of Congress Classification     Non-fiction Science Library (Miotso) Science Library (Miotso) General stacks 11/25/2024   QC21.5 .R435 REE SLM00000836 11/25/2024 1 11/25/2024 Books
    Library of Congress Classification     Non-fiction Science Library (Miotso) Science Library (Miotso) General stacks 11/25/2024   QC21.5 .R435 REE SLM00000837 11/25/2024 2 11/25/2024 Books
    Library of Congress Classification     Non-fiction Science Library (Miotso) Science Library (Miotso) General stacks 11/25/2024   QC21.5 .R435 REE SLM00000838 11/25/2024 3 11/25/2024 Books
    Library of Congress Classification     Non-fiction Science Library (Miotso) Science Library (Miotso) General stacks 11/25/2024   QC21.5 .R435 REE SLM00000839 11/25/2024 4 11/25/2024 Books
    Library of Congress Classification     Non-fiction Science Library (Miotso) Science Library (Miotso) General stacks 11/25/2024   QC21.5 .R435 REE SLM00000840 11/25/2024 5 11/25/2024 Books
© 2023-2024 Copyright: Central University Libraries. All Rights Reserved | Created by: Mahone Tech Office